Internetworking with TCP/IP-Vol. I (Record no. 87402)

MARC details
000 -LEADER
fixed length control field 00553nam a2200205Ia 4500
008 - FIXED-LENGTH DATA ELEMENTS--GENERAL INFORMATION
fixed length control field 230125s9999 xx 000 0 und d
020 ## - INTERNATIONAL STANDARD BOOK NUMBER
International Standard Book Number 81-203-1053-5
041 ## - LANGUAGE CODE
Language code of text/sound track or separate title eng
082 ## - DEWEY DECIMAL CLASSIFICATION NUMBER
Classification number 004.65
Item number COM
100 ## - MAIN ENTRY--PERSONAL NAME
Personal name Comer D E
9 (RLIN) 110545
245 ## - TITLE STATEMENT
Title Internetworking with TCP/IP-Vol. I
250 ## - EDITION STATEMENT
Edition statement 3rd ed
260 ## - PUBLICATION, DISTRIBUTION, ETC. (IMPRINT)
Date of publication, distribution, etc. 1999
Name of publisher, distributor, etc. Prentice Hall
Place of publication, distribution, etc. New Delhi
300 ## - PHYSICAL DESCRIPTION
Extent 613p
500 ## - GENERAL NOTE
Keywords Networking,TCP/IP
500 ## - GENERAL NOTE
Keywords Networking;Protocols;TCP/IP
650 ## - SUBJECT ADDED ENTRY--TOPICAL TERM
Topical term or geographic name as entry element Computer Management
700 ## - ADDED ENTRY--PERSONAL NAME
Personal name Comer D E
9 (RLIN) 110545
Holdings
Withdrawn status Lost status Damaged status Not for loan Home library Current library Date acquired Vendor Cost, normal purchase price Bill number Full call number Barcode Date last seen Cost, replacement price Bill Date Koha item type Original Barcode
Withdrawn       Smt. Hiraben Nanavati Institute of Management & Research for Women Smt. Hiraben Nanavati Institute of Management & Research for Women 02/10/2000 Popular Book House 195.00 317/01.10.2000 004.65 COM B02283 HIMR-BK-2283 25/01/2023 195.00 02/10/2000 Books B02283
Withdrawn       Smt. Hiraben Nanavati Institute of Management & Research for Women Smt. Hiraben Nanavati Institute of Management & Research for Women 21/06/2001 Shree Nav Jeevan 225.00   004.65 COM B02597 HIMR-BK-2597 25/01/2023 225.00 22/06/2001 Books B02597